| 000 | 02637cam a2200325 4500500 | ||
|---|---|---|---|
| 005 | 20260301001115.0 | ||
| 041 | _afre | ||
| 042 | _adc | ||
| 100 | 1 | 0 |
_aMugnier, Angélique _eauthor |
| 700 | 1 | 0 |
_aBarthet, Marc _eauthor |
| 700 | 1 | 0 |
_aGonzalez, Jean-Michel _eauthor |
| 700 | 1 | 0 |
_aGasmi, Mohammed _eauthor |
| 245 | 0 | 0 | _aRadiofréquence pancréatique : Où en est-on en 2024 ? |
| 260 | _c2024. | ||
| 500 | _a26 | ||
| 520 | _aRadiofrequency is a technique already widely used for the management of benign or malignant extra-pancreatic lesions. Under ultrasound-endoscopic guidance, pancreatic radiofrequency (EUS-RFA) is a technique with satisfactory safety and whose results in terms of effectiveness are very promising for the management of pancreatic cystic lesions, small low-grade neuroendocrine tumors and pancreatic metastases in the short and long term, thus avoiding major pancreatic surgery for benign or malignant lesions with slow progression in elderly or comorbid patients. This technique is also interesting for analgesic purposes for the management of refractory pain linked to pancreatic adenocarcinoma. | ||
| 520 | _aLa radiofréquence est une technique déjà largement utilisée pour la prise en charge des lésions bénignes ou malignes extra-pancréatiques. Sous guidage échoendoscopique, la radiofréquence pancréatique (EUS-RFA) est une technique avec une sécurité satisfaisante et dont les résultats en termes d’efficacité sont très prometteurs pour la prise en charge des lésions kystiques pancréatiques, des petites tumeurs neuroendocrines de bas grade et des métastases pancréatiques à court et à long terme évitant ainsi une chirurgie pancréatique lourde pour des lésions bénignes ou malignes à progression lente chez des patients souvent âgés et comorbides. Cette technique est également intéressante à visée antalgique pour la prise en charge des douleurs réfractaires liées à un adénocarcinome pancréatique. | ||
| 690 | _aadénocarcinome pancréatique | ||
| 690 | _aEUS-RFA | ||
| 690 | _akyste mucineux | ||
| 690 | _atumeur intra-canalaire papillaire et mucineuse pancréatique | ||
| 690 | _atumeur neuroendocrine pancréatique | ||
| 690 | _aEUS-RFA | ||
| 690 | _aintraductal papillary mucinous neoplasm | ||
| 690 | _amucinous cyst | ||
| 690 | _aneuroendocrine tumor | ||
| 690 | _apancreatic adenocarcinoma | ||
| 786 | 0 | _nHépato-Gastro & Oncologie Digestive | 31 | 3 | 2024-03-01 | p. 297-302 | 2115-3310 | |
| 856 | 4 | 1 | _uhttps://stm.cairn.info/revue-hepato-gastro-et-oncologie-digestive-2024-3-page-297?lang=fr&redirect-ssocas=7080 |
| 999 |
_c1673181 _d1673181 |
||